000 00744nam a2200241Ia 4500
001 3066
003 GE_BSU
008 181216s||||||||xx |||||||||||||| ||und||
020 _a5860650264
040 _cGE_BSU
080 _a336.6(075.8)
100 _aРукина С.В.
245 _aФинансы коммерческих предприятий и организаций
245 _bУчебное пособие
245 _cРед. И.А. Иванникова
260 _aМосква
260 _bЭкспертное бюро
260 _c1997
300 _a176 с. 21 см.
541 _h5 л. 65 т.
653 _aФинансы коммерческих предприятий и организаций
942 _cBK
999 _c37110
_d37110